000 00395pam a2200157a 44500
008 230515b2013 xxu||||| |||| 00| 0 eng d
020 _aNULL
041 _aENGLISH
082 _a617.5/MIL
100 _aMILORO/KOLOKEYTHAS
245 _aMANAYEMENT OF COMPLICATIONS IN ORAL & MAXILLOFACIAL SURGERY
250 _aIST
260 _a
_bWILLIAS & WILKIUS
_c2013
300 _a357
650 _aNULL
999 _c563564
_d563564